• 首页
  • 本馆介绍
  • 公告通知
  • 最新文献
  • 馆藏检索
  • 电子资源
  • 读者导购
  • 参考咨询
  • 我的图书馆
  • 登录
  • 详细信息显示
  • 放入我的书架
  • 预约/预借图书
  • 作者相关作品
  • 分类相关作品
  • 丛书相关作品
  • 出版社相关作品

书目信息

  • 表格格式
  • 工作单格式
  • 卡片格式
题名:
帝后风云录
    
 
作者: 蓝黛 , 王若川 著
分册:   皇后卷
出版信息: 北京   文化艺术出版社  2006
页数: 317页
开本: 23cm
丛书名:
单 册:
中图分类: K827=2
科图分类:
主题词: 皇后 , 生平事迹 , 皇后--生平事迹--中国--通俗读物
电子资源:
ISBN: 7-5039-3052-7
000 00871nam0 2200277 450
000 00875nam0 2200277 450
000 00806nam0 2200253 450
000 00770nam0 2200241 45
005 20070518170659.95
010    @a7-5039-3052-7@dCNY56.00[上、下]
100    @a20070127d2006 em y0chiy0120 ea
101 0  @achi
102    @aCN@b110000
105    @ay z 000yy
200 1  @a帝后风云录@Adi hou feng yun lu@i皇后卷@f蓝黛,王若川著
210    @a北京@c文化艺术出版社@d2006
215    @a317页@c图@d23cm
330    @a一部皇帝与后妃的秘史,一部宫廷趣事。本书以机智的语言与独特的视觉复述了五千年中华帝国的奇异历史。
606 0  @a皇后
606 0  @a生平事迹
606 0  @a皇后@x生平事迹@y中国@j通俗读物
690    @aK827=2@v4
701  0 @a蓝黛@Alan dai@4著
701  0 @a王若川@Awang ruo chuan@4著
801  0 @aCN@bTAOJIN@c20070518
905    @a10447@dK827=2@e405:2
    
    帝后风云录.皇后卷/蓝黛,王若川著.-北京:文化艺术出版社,2006
    317页:图;23cm
    
    
    ISBN 7-5039-3052-7:CNY56.00[上、下]
    一部皇帝与后妃的秘史,一部宫廷趣事。本书以机智的语言与独特的视觉复述了五千年中华帝国的奇异历史。
●
相关链接 在E读中查询图书 在五车中查询图书 在当当中查询图书 在豆瓣中查询图书


正题名:帝后风云录     索取号:K827=2/405:2         预约/预借

序号 登录号 条形码 馆藏地/架位号 状态 备注
1 0521812   205218129   第二样本阅览室/ [索取号:K827=2/405:2] 在馆    
2 0521813   205218138   第二借阅区/ [索取号:K827=2/405:2] 在馆    
3 0521814   205218147   第二借阅区/ [索取号:K827=2/405:2] 在馆    
4 0521815   205218156   第二借阅区/ [索取号:K827=2/405:2] 在馆    
5 0521816   205218165   第二借阅区/ [索取号:K827=2/405:2] 在馆    
6 0521817   205218174   第二借阅区/ [索取号:K827=2/405:2] 在馆    
7 0521818   205218183   第二借阅区/ [索取号:K827=2/405:2] 在馆    
8 0521819   205218192   第二借阅区/ [索取号:K827=2/405:2] 在馆    
唐山师范学院图书馆 欢迎您!
大连网信软件有限公司© 版权所有